00620cam a2200193 a 450000100100000000500170001000800410002704000250006808200190009310000350011224500550014726000330020230000270023549000330026250000410029565000360033665000210037283000330039300000164020200929145639.0750404s1965 fr a 001 0 fre  aDO-SdBNPbspacBNPHU a843.7bM989ó1 aMusset, Alfred de,d1810-1857.10aOn ne badine pas avec l'amour /cAlfred de Musset. aParís :bLaroussel,c1965. a127p. :bil. ;c17 cm.1 aNouveaux Classiques Larousse aIncluye lista de clásico Larousse. 4aProverbios y refranes franceses 4aTeatro francés 0aNouveaux Classiques Larousse